Economics of rubber wood production in India: A cost-benefit analysis on the constraints and potential (Record no. 48020)

MARC details
000 -LEADER
fixed length control field 01322nam a2200145Ia 4500
100 ## - MAIN ENTRY--AUTHOR NAME
Personal name George K T
245 #0 - TITLE STATEMENT
Title Economics of rubber wood production in India: A cost-benefit analysis on the constraints and potential
260 ## - PUBLICATION, DISTRIBUTION, ETC. (IMPRINT)
Name of publisher In: Proceedings of the Global Forum on Investment Opportunities in the Indian Rubberwood Industry, 19-21 March 1996, Cochin, India, 1996, pp.135-141.
Year of publication 1996
520 ## - SUMMARY, ETC.
Summary, etc In this paper, an attempt is being made to evaluate the benefits of NR and timber production under varying conditions within the specific context of India. The main objectives are to analyse the comparative profitability of : a). different combinations of yield in NR and timber; b). different life cycles of rubber plantations, and c). harvesting timber without tapping. Profitability of timber yield under two major situations, ie., 25 year life cycle with varying degrees of timber yield assuming 20;decline in NR yield and 20 year life cycle with the above conditions are considered. The results of the analysis are indicative of the built in constraints in popularising planting materials with relatively higher timber potential and lower NR yield in the Indian context.
650 ## - SUBJECT ADDED ENTRY--TOPICAL TERM
Topical Term India
650 ## - SUBJECT ADDED ENTRY--TOPICAL TERM
Topical Term Rubberwood production
700 ## - ADDED ENTRY--PERSONAL NAME
Personal name Joseph T
942 ## - ADDED ENTRY ELEMENTS (KOHA)
Koha item type Bibliography RLWO
Holdings
Withdrawn status Lost status Damaged status Not for loan Home library Current library Date acquired Koha item type
      Bibliography RRII Library RRII Library 31/12/2021 Bibliography RLWO